Famous Chelsea Footballers by Picture - Statistics

General Stats
  • This quiz has been taken 1,622 times
  • The average score is 24 of 30
Answer Stats
Picture Answer % Correct
Eden Hazard
98%
Frank Lampard
98%
Didier Drogba
97%
N'Golo Kanté
97%
Petr Čech
95%
Thiago Silva
95%
John Terry
93%
Olivier Giroud
92%
David Luiz
89%
Ashley Cole
88%
Reece James
88%
Diego Costa
86%
Michael Essien
85%
Mason Mount
84%
Willian
84%
Cesc Fàbregas
82%
Ruud Gullit
81%
Gianfranco Zola
79%
César Azpilicueta
78%
Michael Ballack
77%
Juan Mata
76%
Marcel Desailly
74%
Nicolas Anelka
71%
Romelu Lukaku
70%
Branislav Ivanović
64%
Claude Makélélé
62%
Arjen Robben
59%
Ricardo Carvalho
56%
Jimmy Floyd Hasselbaink
46%
Dennis Wise
24%
No matching quizzes found
Score Distribution
Percent of People with Each Score
Percentile by Number Answered
Your Score History
You have not taken this quiz